Einsatz von Industrierobotern / (Record no. 59)
[ view plain ]
| 000 -LEADER | |
|---|---|
| fixed length control field | 00501nam a22001937a 4500 |
| 008 - FIXED-LENGTH DATA ELEMENTS--GENERAL INFORMATION | |
| fixed length control field | 131009b xxu||||| |||| 00| 0 ger d |
| 020 ## - INTERNATIONAL STANDARD BOOK NUMBER | |
| International Standard Book Number | 3341001603 |
| 041 0# - LANGUAGE CODE | |
| Language code of text/sound track or separate title | ger |
| 080 ## - UNIVERSAL DECIMAL CLASSIFICATION NUMBER | |
| Universal Decimal Classification number | 007 |
| 100 ## - Rafti | |
| Rafti | Zachau, Henning |
| 245 10 - TITLE STATEMENT | |
| Title | Einsatz von Industrierobotern / |
| Statement of responsibility, etc | Henning Zachau |
| 250 ## - | |
| -- | 1. Auflage |
| 260 ## - | |
| -- | Berlin : |
| -- | Veb Verlag Technik ; |
| -- | 1986 |
| 300 ## - | |
| -- | 303 f. : |
| -- | me il. ; |
| -- | 24 cm. |
| 500 ## - | |
| -- | Vorwort f. : [I] |
| 650 #0 - | |
| -- | Kibernetika |
| 650 #0 - | |
| -- | Robotët |
| 942 ## - ADDED ENTRY ELEMENTS (KOHA) | |
| Source of classification or shelving scheme | |
| Item type | Books |
No items available.